Contributions to Lattice Theory
Gespeichert in:
| Weitere Verfasser: | |
|---|---|
| Format: | Buch |
| Sprache: | Englisch |
| Veröffentlicht: |
Budapest
János Bolyai Mathematical Society
1983
|
| Schriftenreihe: | Colloquia Mathematica Societatis János Bolyai
33 |
| Tags: |
Keine Tags, Fügen Sie das erste Tag hinzu!
|
MARC
| LEADER | 00000nam a2200000 4500 | ||
|---|---|---|---|
| 001 | c113105 | ||
| 005 | 20041019155154.7 | ||
| 041 | 0 | |a eng | |
| 044 | |a HU | ||
| 245 | 1 | 0 | |a Contributions to Lattice Theory |c Ed. by E. Schmidt |
| 264 | 1 | |a Budapest |b János Bolyai Mathematical Society |c 1983 | |
| 300 | |a 782 s. | ||
| 490 | 1 | |a Colloquia Mathematica Societatis János Bolyai |v 33 | |
| 830 | 0 | |a Colloquia Mathematica Societatis János Bolyai |v 33 | |
| 700 | 1 | |a Schmidt, E. | |